Geometría analítica
Shranjeno v:
| Glavni avtor: | |
|---|---|
| Format: | Knjiga |
| Jezik: | Spanish |
| Izdano: |
Barcelona : Bosch
1951
|
| Teme: | |
| Oznake: |
Označite
Brez oznak, prvi označite!
|
MARC
| LEADER | 00000nam a2200000Ia 4500 | ||
|---|---|---|---|
| 003 | L000687 | ||
| 005 | 20221231143958.0 | ||
| 008 | 140114s1951 sp a 000 |dspa d | ||
| 040 | |c cru CEDI | ||
| 082 | |a 513.1 C957g | ||
| 100 | |a Crusat Prats, Leopoldo |9 20709 | ||
| 245 | |a Geometría analítica | ||
| 246 | |a Curso de ampliación de matemáticas III parte. Geometría analítica | ||
| 260 | |a Barcelona : Bosch |c 1951 | ||
| 300 | |a 405 páginas: ilustraciones | ||
| 650 | |x GEOMETRIA PLANA |9 20710 | ||
| 942 | |2 ddc |c BK | ||
| 999 | |c 15102 |d 15102 | ||
